[Event "CAN-ch U08"]
[Site "Vancouver"]
[Date "2012.07.05"]
[Round "7"]
[White "Pulfer, Ben"]
[Black "Wang, Jackie"]
[Result "1-0"]
[WhiteElo "580"]
[BlackElo "718"]
[PlyCount "25"]
[EventDate "2012.07.03"]
[EventType "swiss"]
[EventRounds "7"]
[EventCountry "CAN"]
[SourceTitle "EXT 2022"]
[Source "ChessBase"]
[SourceDate "2021.10.06"]
[SourceVersion "1"]
[SourceVersionDate "2021.10.06"]
[SourceQuality "1"]

1. e4 e5 2. Nc3 Nf6 3. Nf3 Bb4 4. a3 Bxc3 5. dxc3 Nc6 6. Bc4 0-0 7. g3 d6 8. Qd2 Bg4 9. Qe3 Bh5 10. Qg5 a6 11. Qg4 b5 12. Bh6 bxc4 13. Qxg7# 1-0

[Event "CAN-ch U08"]
[Site "Vancouver"]
[Date "2012.07.04"]
[Round "4"]
[White "Zhang, Arthur"]
[Black "Wang, Jackie"]
[Result "1-0"]
[WhiteElo "338"]
[BlackElo "718"]
[PlyCount "115"]
[EventDate "2012.07.03"]
[EventType "swiss"]
[EventRounds "7"]
[EventCountry "CAN"]
[SourceTitle "EXT 2022"]
[Source "ChessBase"]
[SourceDate "2021.10.06"]
[SourceVersion "1"]
[SourceVersionDate "2021.10.06"]
[SourceQuality "1"]

1. e4 e5 2. Nf3 Nc6 3. Bc4 Nf6 4. Nc3 g6 5. d3 Bg7 6. Bg5 0-0 7. Qd2 d6 8. 0-0-0 Bg4 9. h3 Bxf3 10. gxf3 Nd4 11. Nd5 Nxf3 12. Qe2 Nxg5 13. Nxf6+ Bxf6 14. h4 Ne6 15. Bxe6 fxe6 16. h5 gxh5 17. Rdg1+ Kh8 18. Qxh5 Qd7 19. Qg6 Rg8 20. Qxf6+ Rg7 21. Rxg7 Qxg7 22. Qh4 d5 23. exd5 exd5 24. f4 e4 25. Qg5 Qxg5 26. fxg5 Rg8 27. Rg1 h6 28. dxe4 dxe4 29. Rg3 hxg5 30. Re3 g4 31. Rxe4 g3 32. Re1 g2 33. Rg1 c5 34. Kd2 b5 35. Ke2 a5 36. Kf2 b4 37. Rxg2 Rxg2+ 38. Kxg2 c4 39. b3 c3 40. Kf2 Kg8 41. Ke3 Kf7 42. Kd4 Ke7 43. Kc5 Kd7 44. Kb5 Kd6 45. Kxa5 Kc5 46. Ka4 Kd4 47. Kxb4 Kd5 48. Kxc3 Kc6 49. a4 Kb7 50. a5 Kc6 51. Kb4 Kb7 52. Kb5 Ka8 53. Kb6 Kb8 54. a6 Kc8 55. a7 Kd8 56. Kc6 Ke8 57. Kd6 Kd8 58. a8Q# 1-0